Настольная книга бизнесмена; Курс английского языка по коммерческой деятельности и формам деловой коммуникации

Podrobná bibliografie
Hlavní autor: Лукьянова Н. А. Наталья Анатольевна
Shrnutí:Необходимость вычислять решения систем алгебраических уравнений встречается во многих задачах техники и физики, и без точных оценок возможной погрешности решения не надежны. В книге изложены методы и алгоритмы, впервые позволяющие дать точную оценку погрешности каждой из составляющей вектора решений системы линейных алгебраических уравнений, тогда как ранее были известны только приближенные оценки. Для студентов, аспирантов, инженеров, научных работников и специалистов, выполняющих расчеты, включающие системы алгебраических уравнений
Jazyk:ruština
angličtina
Vydáno: Москва, ГИС, 2008
Vydání:10-е изд.
Témata:
Médium: Kniha
KOHA link:https://koha.lib.tpu.ru/cgi-bin/koha/opac-detail.pl?biblionumber=186969

MARC

LEADER 00000nam0a2200000 4500
001 186969
005 20231101224029.0
010 |a 9785833001004 
035 |a (RuTPU)RU\TPU\book\202875 
035 |a RU\TPU\book\56894 
090 |a 186969 
100 |a 20030703d2008 m y0rusy50 ca 
101 0 |a rus  |a eng 
102 |a RU 
105 |a y j 000zy 
200 1 |a Настольная книга бизнесмена  |a Курс английского языка по коммерческой деятельности и формам деловой коммуникации  |f Н. А. Лукьянова 
205 |a 10-е изд. 
210 |a Москва  |c ГИС  |d 2008 
215 |a 568 с. 
330 |a Необходимость вычислять решения систем алгебраических уравнений встречается во многих задачах техники и физики, и без точных оценок возможной погрешности решения не надежны. В книге изложены методы и алгоритмы, впервые позволяющие дать точную оценку погрешности каждой из составляющей вектора решений системы линейных алгебраических уравнений, тогда как ранее были известны только приближенные оценки. Для студентов, аспирантов, инженеров, научных работников и специалистов, выполняющих расчеты, включающие системы алгебраических уравнений 
512 1 |a The Businessman's companion. English for Business  |z eng 
606 1 |a Английский язык  |x Учебные руководства и пособия  |x Пособия по развитию речи, разговорники  |2 stltpush  |3 (RuTPU)RU\TPU\subj\29074  |9 52486 
610 1 |a устная речь 
610 1 |a деловое общение 
610 1 |a деловые коммуникации 
610 1 |a коммерческая деятельность 
610 1 |a телефонные переговоры 
610 1 |a деловые переговоры 
610 1 |a письма 
610 1 |a образцы 
610 1 |a телексы 
610 1 |a внешняя торговля 
610 1 |a внешнеторговые операции 
610 1 |a купля-продажа 
610 1 |a тексты 
610 1 |a импортные операции 
610 1 |a договоры 
686 |a Ш143.21-923.4  |v LBC/SL-A  |2 rubbk 
700 1 |a Лукьянова  |b Н. А.  |g Наталья Анатольевна 
801 1 |a RU  |b 63413507  |c 20101108 
801 2 |a RU  |b 63413507  |c 20140411  |g RCR 
900 |a Профессиональный английский язык 
942 |c BK 
959 |a 81/20101108  |d 16  |e 0  |f ЧЗИЛ:1  |f Ф_ТПУ_Новокузнецк:15